000 01303 a2200253 4500
001 35449
005 20260407155636.0
008 260407a1980 arg spa d
003 AR-UNSa-BCEJYS
040 _aAR-UNSa-BCEJYS
_bspa
_cAR-UNSa-BCEJYS
080 _a657.312
_xTipo de presupuestos
245 1 0 _aPresupuesto base cero
_pmétodo práctico para evaluar gastos
020 _a968-18-0095-8
264 1 _aMéxico :
_bLimusa
_c1980
300 _a277 p.
_c24 cm.
505 _a1. El proceso de elaboración de presupuestos base cero - 2. Problemas y beneficios de la implementación del presupuesto base cero - 3.¿ Dónde se deben elaborar los paquetes de decisión? - 4. Forma para los paquetes de decisión - 5. Procedimientos para un método eficaz de clasificación - 6. Dinámica del proceso - 7. Administración del proceso del presupuesto base cero - 8. Presupuesto base cero y PPP - 9. Aplicaciones de las computadoras - 10. Procesos de elaboración de presupuestos base cero y administrativo.
041 _aspa
942 _cBK
590 _aniveau_biblio:m niveau_hierar:0
100 1 _aPyhrr, Peter A.
700 1 _aCorral Camu, Leonor
700 1 _aIbarreche Suarez, Santiago
856 4 1 _uhttps://biblioeco.unsa.edu.ar/pmb/images/libros/L125735.jpg
_yImagen de portada
_qimage/jpeg
999 _c2562
_d2562